000
00237nam a2200097Ia 4500
008
240331s9999 xx 000 0 und d
082
_a
303.4
_b
VAJ
100
_a
Vajpeyi, D.K
245
0
_a
Modernization and social change in India
942
_c
L
999
_c
1212
_d
1212